000 00450nam a2200181Ia 4500
001 4891
005 20260306145828.0
008 260306t2002||||xx |||||||||||||| ||spa||
041 _aESP
082 _a331.0985
_bT22
100 _aTarazona, Silvia
_eAUT
245 0 _aEl tránsito de la pérdida del empleo a la empleabilidad
260 _c2002
300 _a66 páginas :
_c21 cm.
650 _aGEN
654 _aCAN
942 _cLIB
_dJUS
_fJUS
_2ddc
_n
999 _c4891
_d4891